ბათუმის შოთა რუსთაველის სახელმწიფო უნივერსიტეტის ბიბლიოთეკა

Организация перехода на новые модели машин без прекращения выпуска. (ბიბ.ჩანაწერი № 38711)

000 -LEADER
fixed length control field 00758nam a2200205Ia 4500
001 - CONTROL NUMBER
control field 4987
003 - CONTROL NUMBER IDENTIFIER
control field GE_BSU
008 - FIXED-LENGTH DATA ELEMENTS--GENERAL INFORMATION
fixed length control field 181216s||||||||xx |||||||||||||| ||und||
040 ## - CATALOGING SOURCE
Transcribing agency GE_BSU
080 ## - UNIVERSAL DECIMAL CLASSIFICATION NUMBER
Universal Decimal Classification number 621.75
100 ## - MAIN ENTRY--PERSONAL NAME
Personal name Карташов,И.Н.
245 ## - TITLE STATEMENT
Title Организация перехода на новые модели машин без прекращения выпуска.
245 ## - TITLE STATEMENT
Statement of responsibility, etc. Ред. Ю.Л.Котляров.
260 ## - PUBLICATION, DISTRIBUTION, ETC.
Place of publication, distribution, etc. Львов.
260 ## - PUBLICATION, DISTRIBUTION, ETC.
Name of publisher, distributor, etc. Изд-во Львовского ун-та.
260 ## - PUBLICATION, DISTRIBUTION, ETC.
Date of publication, distribution, etc. 1965.
300 ## - PHYSICAL DESCRIPTION
Extent 240стр.22см.Библиогр.:стр.237-238.
653 ## - INDEX TERM--UNCONTROLLED
Uncontrolled term Организация перехода на новые модели машин без прекращения выпуска.
942 ## - ADDED ENTRY ELEMENTS (KOHA)
Koha item type წიგნი
ეგზემპლარები
Withdrawn status Lost status Damaged status Not for loan Date acquired Barcode Date last seen Price effective from Koha item type
        2018-12-17 11089 2018-12-17 2018-12-17 წიგნი